000 00592nam a2200217Ia 4500
003 OSt
005 20260601151218.0
008 210210b1992 xxu||||| |||| 00| 0 eng d
040 _cAL
041 _aKannada
082 _aT494.3 TULU
100 _aU.P. Upadhyaya
_dಯು.ಪಿ. ಉಪಾಧ್ಯಾಯ
_9264904
245 _aTulu nighantu.V6.
_bತುಳು ನಿಘಂಟು
260 _aUdupi
_bR G P R Centre
_c1992
300 _a2452-3032
440 _a6
_9264905
650 _aTULU LEXICON
_9264906
690 _aTulu Dictionary
_9264907
906 _a052536
942 _2ddc
_cBK
999 _c101102
_d101102